Houbáci : pro děti, co mají pod kloboukem /
Pohádkové příběhy houbových skřítků, kteří se odpradávna starají o houby a prašivky, ale pomáhají i lidem.
Uloženo v:
| Série: | Houbáci,
část 1 |
|---|---|
| Hlavní autor: | |
| Další autoři: | |
| Médium: | E-kniha |
| Jazyk: | Czech |
| Vydáno: |
V Praze :
Pointa,
2022
|
| Vydání: | První vydání |
| Témata: | |
| Příbuzné jednotky: | Z cyklu::
Houbáci |
| Tagy: |
Žádné tagy |
| LEADER | 02372nam a2200457 i 4500 | ||
|---|---|---|---|
| 001 | 311766 | ||
| 003 | CZ PrSKC | ||
| 005 | 20260601215711.0 | ||
| 007 | ta | ||
| 008 | 221121s2022 xr a b 000 j cze | ||
| 015 | |a cnb003471746 | ||
| 020 | |a 9788076507913 |q (vázáno) : |c Kč 349,00 | ||
| 035 | |a (OCoLC)1357140601 | ||
| 040 | |a ABG001 |b cze |e rda | ||
| 072 | 7 | |a 821.162.3-3 |x Česká próza |2 Konspekt | |
| 072 | 7 | |a 821-93 |x Literatura pro děti a mládež (beletrie) |2 Konspekt | |
| 080 | |a 821.162.3-32 |2 MRF | ||
| 080 | |a 821-93 |2 MRF | ||
| 080 | |a (0:82-32) |2 MRF | ||
| 100 | 1 | |a Froňková, Zuzana, |d 1974- |7 xx0266921 |4 aut | |
| 245 | 1 | 0 | |a Houbáci : |b pro děti, co mají pod kloboukem / |c Zuzana Froňková ; ilustrovala Lucie Charvátová |
| 250 | |a První vydání | ||
| 264 | 1 | |a V Praze : |b Pointa, |c 2022 | |
| 300 | |a 85 stran : |b barevné ilustrace ; |c 24 cm | ||
| 336 | |a text |b txt |2 rdacontent | ||
| 336 | |a statický obraz |b sti |2 rdacontent | ||
| 337 | |a bez média |b n |2 rdamedia | ||
| 338 | |a svazek |b nc |2 rdacarrier | ||
| 520 | 2 | |a Pohádkové příběhy houbových skřítků, kteří se odpradávna starají o houby a prašivky, ale pomáhají i lidem. |b Houboví skřítci Houbáci žijí všude tam, kde rostou houby, a odpradávna je chrání. A protože přichází doba, kdy skřítci a lidé budou opět žít pospolu jako přátelé, čím dál častěji pomáhají i nám lidem. Lojzu Hrabilů přivedou k rozumu, panu Mámvásrádovi pomůžou vystrojit královskou hostinu, Jasmínce vrátí radost a babičku Hajnou zachrání před fujavicí. Nakladatelská anotace. Kráceno. | |
| 655 | 7 | |a české příběhy |7 fd133973 |2 czenas | |
| 655 | 7 | |a publikace pro děti |7 fd133156 |2 czenas | |
| 655 | 9 | |a Czech stories |2 eczenas | |
| 655 | 9 | |a children's literature |2 eczenas | |
| 700 | 1 | |a Surovec Charvátová, Lucie |7 xx0269093 |4 ill | |
| 787 | 0 | 8 | |i Z cyklu: |t Houbáci |g 1 |
| 900 | |a ABA001 |b 19 | ||
| 928 | 9 | |a Albatros Media - Pointa | |
| 044 | |a xr | ||
| 910 | |a RBIT002 | ||
| 998 | |d 364521 |a https://core.palmknihy.cz/api/books/364521/cover?si9hcc |b https://core.palmknihy.cz/api/books/364521/cover/400?si9hcc |c https://core.palmknihy.cz/api/books/364521/cover/50?si9hcc |e 2027-02-17 |g 88 |i 9788076507913 |k https://core.palmknihy.cz/api/books/364521/preview.pdf |l |q 49 |r 1 |s https://www.palmknihy.cz/kniha/364521 |t ebook |y 2022 |z 0 |v Houbáci |w 1 | ||
| 999 | |d 311764 | ||